000 00561nam a2200229Ia 4500
003 OSt
005 20220918212503.0
006 a|||||r|||| 00| 0
007 ta
008 220917b |||||||| |||| 00| 0 eng d
024 _a129,079
037 _cTextual
040 _aARTS
_cARTS
_beng
041 _2eng
_aeng
082 _aX:326, K8
100 _aKidron Michael
_996081
245 0 _aWestern capitalism since the war
260 _c1968
650 _aECONOMICS
942 _hX:326, K8
_cTEXL
_2CC
999 _c252213
_d252213